Statistics for Pokemon Gym Badges

Click here to take the quiz!

General Stats

  • This quiz has been taken 478 times
  • The average score is 22 of 50

Answer Stats

HintAnswer% Correct
Boulder Badge
85%
Rain Badge
77%
Rainbow Badge
72%
Bug Badge
70%
Cascade Badge
70%
Earth Badge
69%
Thunder Badge
69%
Volcano Badge
60%
Marsh Badge
57%
Soul Badge
57%
Stone Badge
52%
Fairy Badge
49%
Plain Badge
48%
Trio Badge
48%
Mind Badge
47%
Psychic Badge
47%
Icicle Badge
45%
Mine Badge
45%
Basic Badge
44%
Toxic Badge
44%
Balance Badge
43%
Feather Badge
42%
Wave Badge
41%
Zephyr Badge
41%
Knuckle Badge
40%
Glacier Badge
39%
Insect Badge
39%
Heat Badge
38%
Bolt Badge
37%
Forest Badge
37%
Legend Badge
37%
Coal Badge
36%
Dynamo Badge
36%
Freeze Badge
36%
Hive Badge
36%
Fog Badge
35%
Rising Badge
34%
Voltage Badge
34%
Cliff Badge
33%
Beacon Badge
32%
Iceberg Badge
32%
Mineral Badge
32%
Storm Badge
32%
Fen Badge
31%
Plant Badge
31%
Cobble Badge
30%
Jet Badge
29%
Quake Badge
27%
Relic Badge
26%
Rumble Badge
26%

Score Distribution

Percentile by Number Answered

Percent of People with Each Score

Your Score History

You have not taken this quiz